| 000 | 00534nam a2200157Ia 4500 | ||
|---|---|---|---|
| 008 | 230907s9999||||xx |||||||||||||| ||und|| | ||
| 082 |
_a621.31 _bABD |
||
| 100 |
_aAbdul Basit (00000277622) _9116771 |
||
| 245 | 0 | _aIs Renewable Energy A Complete Solution To The Environmental Problem? A Comprehensive Analysis Of Pakistan Case Study / | |
| 260 |
_aUSPCAS-E, NUST, _bIslamabad : _c2022 |
||
| 300 | _axii, 44 p. | ||
| 520 | _aTH-437 | ||
| 650 | _aMS-EEP Thesis MS Thesis | ||
| 700 |
_aDr. Muhammad Hassan _9117268 |
||
| 942 |
_cTHE _2ddc |
||
| 999 |
_c602115 _d602115 |
||